000 00535nam a2200217Ia 4500
003 OSt
005 20220918231604.0
006 a|||||r|||| 00| 0
007 ta
008 220917b |||||||| |||| 00| 0 eng d
024 _a309,219
037 _cTextual
040 _aARTS
_cARTS
_beng
041 _2eng
_aeng
082 _aO153,1L37,1, 168E4
245 0 _aQissa -e- heer ranjha
260 _c1914
650 _aPUNJABI LITERATURE
942 _hO153,1L37,1, 168E4
_cTEXL
_2CC
999 _c291866
_d291866